000
00319nam a2200133Ia 4500
008
240624s9999 xx 000 0 und d
041
_a
eng
082
_a
658.314 GIb
100
_a
GIBLIN LES
245
_a
SKILL WITH PEOPLE
260
_c
2001
_a
Mumbai
_b
Embassy Books
300
_a
47 : p. : cm. ; 20
365
_c
RS
_b
25
999
_c
22314
_d
22314